000 00619nam a22001937a 4500
999 _c171043
_d171043
005 20200103155737.0
010 _a123681
020 _c3..40
_a-
035 _a123681
037 _bBPPD
082 _a841
100 _aبھيا ا حسا ن ا لحق
245 _aلمعا ت و ر با عيا ت
_cبھيا ا حسا ن ا لحق
246 _aLumhat wa Rubaiyat (Urdu)
_bby Bhaia Ahsan ul Haque
260 _aDelhi
_c1957 ء
_bMaktaba jamia ltd.
270 _bDelhi
_k-
_e6
_aUrdu Bazar
300 _a240 ص
_c22 cm(hb)
942 _2ddc
_cUR
_h841
_mا ک ب